| 000 | 00000nam 2200000za 4500 |
| 001 | 9.838864 |
| 003 | CaOODSP |
| 005 | 20221107151458 |
| 007 | cr ||||||||||| |
| 008 | 170801s2004 xxc |o f|0| 0 fre d |
| 040 | |aCaOODSP|bfre |
| 043 | |an-cn--- |
| 086 | 1 |aR62-519/2004F-PDF |
| 110 | 1 |aCanada.|bParcs Canada. |bGroupe du rendement, de la vérification et de l'examen. |
| 245 | 10|aAgence Parcs Canada vérification des principaux processus financiers à la Direction générale des lieux historiques nationaux, bureau national |h[ressource électronique] : |brapport final / |cGroupe du rendement, de la vérification et de l’examen. |
| 260 | |a[S.l.] : |bAgence Parcs Canada, |c2004. |
| 300 | |a16 p. |
| 500 | |aTitre de couverture. |
| 500 | |a« Décembre 2004 ». |
| 500 | |aPubli. aussi en anglais sous le titre : Parks Canada Agency audit of key financial processes at the National Historic Sites Directorate, national office : final report. |
| 520 | |a« Les objectifs de la présente vérification consistaient à vérifier si les principes de diligence raisonnable sont appliqués aux principaux processus de gestion et à confirmer à la haute direction que les processus et les contrôles en place à la DGLHN permettent de réduire les risques de non-conformité aux politiques et aux pratiques du Conseil du Trésor et de l’APC. La portée de cette mission de vérification comprenait les principaux secteurs financiers suivants : l’utilisation de cartes d’achat, les frais de déplacement, la passation de marchés et les paiements aux fournisseurs. La période évaluée s’étendait d’avril 2003 à novembre 2004 »--Sommaire, p. 2. |
| 692 | 07|2gccst|aVérification |
| 775 | 08|tParks Canada Agency audit of key financial processes at the National Historic Sites Directorate, national office |w(CaOODSP)9.838863 |
| 856 | 40|qPDF|s60 Ko|uhttps://publications.gc.ca/collections/collection_2017/pc/R62-519-2004-fra.pdf |